Every UEFA Champions League Goalscorer (2024/25) - Statistics

General Stats
  • This quiz has been taken 678 times
    227 since last reset
  • The average score is 111 of 275
Answer Stats
Team Goals Nationality Player % Correct
ARSENAL 5 English Bukayo Saka
96%
ARSENAL 4 German Kai Havertz
92%
ARSENAL 3 Norwegian Martin Ødegaard
92%
ARSENAL 4 English Declan Rice
89%
BAYERN MÜNCHEN 11 English Harry Kane
89%
ARSENAL 2 Brazilian Gabriel Martinelli
88%
LIVERPOOL 3 Egyptian Mohamed Salah
87%
JUVENTUS 4 Serbian Dušan Vlahović
86%
MANCHESTER CITY 8 Norwegian Erling Haaland
86%
ARSENAL 1 Brazilian Gabriel Magalhães
86%
LIVERPOOL 3 Colombian Luis Díaz
86%
BARCELONA 10 Polish Robert Lewandowski
86%
REAL MADRID 2 Moroccan Brahim Díaz
85%
ARSENAL 2 Belgian Leandro Trossard
85%
ARSENAL 1 Ukrainian Oleksandr Zinchenko
85%
BARCELONA 12 Brazilian Raphinha
85%
INTER 8 Argentinian Lautaro Martínez
84%
PARIS SAINT-GERMAIN 7 French Ousmane Dembélé
84%
MANCHESTER CITY 3 English Phil Foden
84%
ATALANTA 5 Nigerian Ademola Lookman
82%
BAYERN MÜNCHEN 2 Canadian Alphonso Davies
82%
ATLÉTICO DE MADRID 6 French Antoine Griezmann
82%
LIVERPOOL 3 Dutch Cody Gakpo
82%
ATLÉTICO DE MADRID 7 Argentinian Julián Álvarez
82%
BARCELONA 4 Spanish Lamine Yamal
82%
ASTON VILLA 1 English Ollie Watkins
82%
PARIS SAINT-GERMAIN 2 Moroccan Achraf Hakimi
81%
LIVERPOOL 2 Argentinian Alexis Mac Allister
81%
MILAN 4 American Christian Pulišić
81%
LIVERPOOL 1 Hungarian Dominik Szoboszlai
81%
BAYER LEVERKUSEN 5 German Florian Wirtz
81%
BAYERN MÜNCHEN 1 Korean Kim Min-Jae
81%
REAL MADRID 4 French Kylian Mbappé
81%
ARSENAL 2 Spanish Mikel Merino
81%
REAL MADRID 8 Brazilian Vinícius Júnior
81%
REAL MADRID 3 English Jude Bellingham
80%
ARSENAL 1 Italian Riccardo Calafiori
80%
REAL MADRID 5 Brazilian Rodrygo Goes
80%
LIVERPOOL 1 Uruguayan Darwin Núñez
79%
MANCHESTER CITY 2 German İlkay Gündoğan
79%
BARCELONA 2 Spanish Íñigo Martínez
79%
PARIS SAINT-GERMAIN 1 Georgian Khvicha Kvaratskhelia
79%
BARCELONA 1 Uruguayan Ronald Araújo
79%
LIVERPOOL 1 Dutch Virgil Van Dijk
79%
LILLE 7 Canadian Jonathan David
78%
PARIS SAINT-GERMAIN 1 Portuguese Vitinha
78%
MANCHESTER CITY 1 Croatian Mateo Kovačić
77%
LIVERPOOL 1 French Ibrahima Konaté
76%
ARSENAL 1 Dutch Jurriën Timber
76%
BORUSSIA DORTMUND 13 Guinean Serhou Guirassy
76%
REAL MADRID 2 German Antonio Rüdiger
75%
BARCELONA 2 Spanish Ferran Torres
75%
SALZBURG 2 Ivorian Karim Konaté
75%
SPORTING CP 1 Uruguayan Maxi Araujo
75%
MILAN 3 Portuguese Rafael Leão
75%
FEYENOORD 5 Mexican Santiago Giménez
75%
MILAN 1 Mexican Santiago Giménez
75%
ARSENAL 1 Italian Jorginho
74%
INTER 2 French Marcus Thuram
74%
BAYERN MÜNCHEN 5 French Michael Olise
74%
ATLÉTICO DE MADRID 1 Uruguayan José Giménez
72%
JUVENTUS 3 American Weston McKennie
72%
ASTON VILLA 3 Colombian Jhon Durán
71%
JUVENTUS 1 Turkish Kenan Yıldız
71%
INTER 2 Turkish Hakan Çalhanoğlu
70%
PARIS SAINT-GERMAIN 3 Portuguese Nuno Mendes
70%
PARIS SAINT-GERMAIN 2 French Désiré Doué
69%
MANCHESTER CITY 1 English Jack Grealish
69%
BAYERN MÜNCHEN 3 German Jamal Musiala
69%
BAYERN MÜNCHEN 1 German Leroy Sané
69%
BAYER LEVERKUSEN 1 Czech Patrik Schick
69%
MANCHESTER CITY 1 Brazilian Savinho
69%
SPORTING CP 6 Swedish Viktor Gyökeres
69%
BAYER LEVERKUSEN 2 Spanish Alejandro Grimaldo
68%
ASTON VILLA 3 Scottish John McGinn
68%
ASTON VILLA 2 Belgian Youri Tielemans
68%
RB LEIPZIG 4 Slovenian Benjamin Šeško
67%
PARIS SAINT-GERMAIN 2 Portuguese Gonçalo Ramos
67%
BAYERN MÜNCHEN 3 German Thomas Müller
67%
BAYER LEVERKUSEN 1 Nigerian Victor Boniface
67%
PARIS SAINT-GERMAIN 2 French Bradley Barcola
65%
BAYERN MÜNCHEN 1 English Eric Dier
65%
MANCHESTER CITY 1 English John Stones
65%
BAYERN MÜNCHEN 1 French Kingsley Coman
65%
BAYERN MÜNCHEN 1 Austrian Konrad Laimer
65%
ASTON VILLA 3 Spanish Marco Asensio
65%
ASTON VILLA 1 Jamaican Leon Bailey
64%
BAYERN MÜNCHEN 1 German Leon Goretzka
63%
INTER 1 Iranian Mehdi Taremi
63%
LIVERPOOL 3 English Harvey Elliott
62%
PARIS SAINT-GERMAIN 1 Portuguese João Neves
62%
MANCHESTER CITY 1 Portuguese Matheus Nunes
61%
ATLÉTICO DE MADRID 1 English Conor Gallagher
60%
BARCELONA 1 Spanish Dani Olmo
60%
BARCELONA 1 Spanish Fermín López
60%
INTER 1 Austrian Marko Arnautović
60%
REAL MADRID 1 Brazilian Endrick
59%
BAYERN MÜNCHEN 1 Portuguese Raphaël Guerreiro
58%
BENFICA 7 Greek Vangelis Pavlidis
58%
ARSENAL 2 English Ethan Nwaneri
57%
ATALANTA 3 Croatian Mario Pašalić
56%
ASTON VILLA 4 English Morgan Rogers
56%
BAYER LEVERKUSEN 1 Ecuadorian Piero Hincapié
56%
MILAN 3 Dutch Tijjani Reijnders
56%
ATLÉTICO DE MADRID 3 Argentinian Ángel Correa
55%
BORUSSIA DORTMUND 2 Dutch Donyell Malen
55%
BARCELONA 1 Spanish Eric García
55%
BAYER LEVERKUSEN 1 Spanish Aleix García
53%
ATALANTA 4 Belgian Charles De Ketelaere
53%
ASTON VILLA 1 English Ezri Konsa
53%
ATALANTA 3 Italian Mateo Retegui
53%
ASTON VILLA 1 Belgian Amadou Onana
52%
BORUSSIA DORTMUND 3 English Jamie Bynoe-Gittens
52%
ATLÉTICO DE MADRID 1 Argentinian Nahuel Molina
52%
MONACO 3 Japanese Takumi Minamino
52%
RB LEIPZIG 1 Belgian Loïs Openda
51%
ATLÉTICO DE MADRID 2 Spanish Marcos Llorente
51%
INTER 1 French Benjamin Pavard
50%
ATLÉTICO DE MADRID 1 Argentinian Giuliano Simeone
50%
PARIS SAINT-GERMAIN 1 French Warren Zaïre-Emery
50%
BORUSSIA DORTMUND 5 German Karim Adeyemi
49%
BENFICA 4 Turkish Orkun Kökçü
49%
BENFICA 1 Argentinian Ángel Di María
48%
BORUSSIA DORTMUND 2 German Emre Can
47%
BORUSSIA DORTMUND 2 Algerian Rami Bensebaini
47%
JUVENTUS 1 Portuguese Francisco Conceição
45%
JUVENTUS 1 Argentinian Nicolás González
45%
PSV EINDHOVEN 1 Dutch Luuk de Jong
44%
MILAN 2 English Tammy Abraham
44%
GIRONA 1 Spanish David López
43%
ATALANTA 1 Brazilian Éderson
42%
ASTON VILLA 1 Dutch Ian Maatsen
42%
BENFICA 4 Turkish Kerem Aktürkoğlu
42%
MILAN 1 Spanish Álvaro Morata
41%
INTER 1 Italian Davide Frattesi
40%
ASTON VILLA 1 English Jacob Ramsey
39%
REAL MADRID 1 Spanish Lucas Vázquez
38%
MILAN 1 German Malick Thiaw
38%
CELTIC 4 Japanese Daizen Maeda
37%
ATALANTA 1 Albanian Berat Djimsiti
36%
BENFICA 1 Argentinian Nicolás Otamendi
36%
LILLE 1 Kosovan Edon Zhegrova
34%
BAYER LEVERKUSEN 1 Nigerian Nathan Tella
34%
ATALANTA 1 Bosnian Sead Kolašinac
34%
PSV EINDHOVEN 2 Croatian Ivan Perišić
33%
MONACO 1 Swiss Breel Embolo
31%
STUTTGART 1 German Deniz Undav
31%
MANCHESTER CITY 1 English James McAtee
31%
PSV EINDHOVEN 1 Dutch Guus Til
30%
PSV EINDHOVEN 2 Dutch Noa Lang
29%
PSV EINDHOVEN 3 American Malik Tillman
28%
RB LEIPZIG 1 Danish Yussuf Poulsen
28%
MONACO 2 French Maghnes Akliouche
27%
DINAMO ZAGREB 3 Croatian Bruno Petković
26%
MONACO 1 Swiss Denis Zakaria
26%
BENFICA 1 Danish Alexander Bah
25%
GIRONA 1 Dutch Arnaut Danjuma
25%
GIRONA 1 Dutch Donny Van de Beek
25%
CLUB BRUGGE 1 Belgian Hans Vanaken
25%
PSV EINDHOVEN 2 Belgian Johan Bakayoko
25%
BAYER LEVERKUSEN 1 French Nordi Mukiele
25%
PSV EINDHOVEN 2 American Ricardo Pepi
25%
MONACO 2 Ivorian Wilfried Singo
25%
MONACO 2 Moroccan Eliesse Ben Seghir
24%
FEYENOORD 2 Brazilian Igor Paixão
24%
BORUSSIA DORTMUND 1 German Maximilian Beier
23%
ASTON VILLA 1 English Ross Barkley
23%
JUVENTUS 1 Belgian Samuel Mbangula
23%
CLUB BRUGGE 2 Spanish Ferran Jutglà
22%
FEYENOORD 1 Slovak Dávid Hancko
21%
STUTTGART 2 French Enzo Millot
21%
BORUSSIA DORTMUND 1 German Felix Nmecha
20%
SPORTING CP 1 Portuguese Gonçalo Inácio
20%
BOLOGNA 1 Colombian Jhon Lucumí
20%
SPORTING CP 1 Belgian Zeno Debast
20%
RB LEIPZIG 2 Austrian Christoph Baumgartner
19%
PSV EINDHOVEN 2 Moroccan Ismael Saibari
19%
LILLE 2 Icelandic Hákon Haraldsson
18%
CELTIC 3 German Nicolas Kühn
17%
STUTTGART 1 German Angelo Stiller
16%
CLUB BRUGGE 1 Greek Christos Tzolis
16%
STUTTGART 1 Bosnian Ermedin Demirović
16%
CELTIC 1 Japanese Kyogo Furuhashi
16%
ATALANTA 1 Serbian Lazar Samardžić
16%
BORUSSIA DORTMUND 1 German Pascal Groß
16%
ATALANTA 1 Italian Raoul Bellanova
16%
BOLOGNA 1 English Samuel Iling-Junior
16%
BOLOGNA 1 Dutch Thijs Dallinga
16%
GIRONA 1 Spanish Miguel Gutiérrez
14%
STURM GRAZ 2 Danish Mika Biereth
14%
STADE BRESTOIS 1 French Pierre Lees-Melou
14%
MONACO 1 German Thilo Kehrer
14%
CRVENA ZVEZDA 2 Congolese Silas Katompa Mvumpa
13%
BENFICA 1 Brazilian Arthur Cabral
12%
SHAKHTAR DONETSK 2 Ukrainian Georgiy Sudakov
12%
STUTTGART 1 German Chris Fuhrich
11%
STADE BRESTOIS 1 French Mahdi Camara
11%
MONACO 1 Ghanaian Mohammed Salisu
11%
LILLE 1 French Rémy Cabella
11%
STADE BRESTOIS 3 Senegalese Abdallah Sima
10%
CELTIC 3 Irish Adam Idah
10%
MONACO 2 French George Ilenikhena
10%
FEYENOORD 1 Austrian Gernot Trauner
10%
FEYENOORD 1 Polish Jakub Moder
10%
PSV EINDHOVEN 1 Dutch Jerdy Schouten
10%
DINAMO ZAGREB 2 Croatian Martin Baturina
10%
LILLE 1 Dutch Mitchel Bakker
10%
ATALANTA 1 Italian Nicolò Zaniolo
10%
FEYENOORD 3 Algerian Anis Hadj Moussa
9%
STUTTGART 1 Malian El Bilal Touré
9%
CLUB BRUGGE 1 Belgian Maxim De Cuyper
9%
CELTIC 1 Japanese Reo Hatate
9%
BENFICA 1 Swiss Zeki Amdouni
9%
CELTIC 1 Belgian Arne Engels
8%
FEYENOORD 2 Japanese Ayase Ueda
8%
CLUB BRUGGE 2 Belgian Chemsdine Talbi
8%
SPORTING CP 1 Danish Conrad Harder
8%
ATALANTA 1 Italian Marco Brescianini
8%
DINAMO ZAGREB 1 Croatian Marko Pjaca
8%
SHAKHTAR DONETSK 1 Brazilian Marlon Gomes
8%
SPORTING CP 1 Portuguese Nuno Santos
8%
CLUB BRUGGE 1 Nigerian Raphael Onyedika
8%
PSV EINDHOVEN 2 Dutch Ryan Flamingo
8%
STADE BRESTOIS 1 Swiss Edmilson Fernandes
7%
SHAKHTAR DONETSK 2 Brazilian Kevin Santos
7%
LILLE 2 Moroccan Osame Sahraoui
7%
CRVENA ZVEZDA 1 Bosnian Rade Krunić
7%
SPORTING CP 1 Mozambican Geny Catamo
6%
STADE BRESTOIS 1 French Hugo Magnetti
6%
STUTTGART 2 German Jamie Leweling
6%
YOUNG BOYS 1 Polish Łukasz Łakomy
6%
SPARTA PRAHA 1 Albanian Qazim Laçi
6%
BOLOGNA 1 Italian Tomasso Pobega
6%
FEYENOORD 1 Argentinian Julián Carranza
5%
SPARTA PRAHA 2 Finnish Kaan Kairinen
5%
SALZBURG 1 Danish Mads Bidstrup
5%
CRVENA ZVEZDA 3 Serbian Nemanja Radonjić
5%
SHAKHTAR DONETSK 2 Ukrainian Oleksandr Zubkov
5%
DINAMO ZAGREB 1 Croatian Petar Sučić
5%
SALZBURG 1 Danish Adam Daghim
4%
SPARTA PRAHA 1 Kosovan Albion Rrahmani
4%
FEYENOORD 3 Dutch Antoni Milambo
4%
SPORTING CP 1 Portuguese Daniel Bragança
4%
SLOVAN BRATISLAVA 2 Slovak David Strelec
4%
STUTTGART 1 Swiss Fabian Rieder
4%
STUTTGART 1 German Josha Vagnoman
4%
GIRONA 1 Spanish Juanpe
4%
CLUB BRUGGE 1 Belgian Kyriani Sabbe
4%
CELTIC 1 Irish Liam Scales
4%
SLOVAN BRATISLAVA 1 Croatian Marko Tolić
4%
CRVENA ZVEZDA 2 Angolan Milson
4%
STURM GRAZ 1 Georgian Otar Kiteishvili
4%
DINAMO ZAGREB 3 Croatian Sandro Kulenović
4%
SPARTA PRAHA 2 Nigerian Victor Olatunji
4%
CLUB BRUGGE 2 Danish Casper Nielsen
3%
CRVENA ZVEZDA 2 Senegalese Cherif Ndiaye
3%
SHAKHTAR DONETSK 1 Ukrainian Danylo Sikan
3%
CRVENA ZVEZDA 1 Gabonese Guélor Kanga
3%
STADE BRESTOIS 1 French Julien Le Cardinal
3%
SLOVAN BRATISLAVA 1 Austrian Kevin Wimmer
3%
CRVENA ZVEZDA 1 Burkinabe Nasser Djiga
3%
LILLE 2 Congolese Ngal Ayel
3%
SLOVAN BRATISLAVA 1 Slovak Nino Marcelli
3%
DINAMO ZAGREB 1 Japanese Takuya Ogiwara
3%
SLOVAN BRATISLAVA 1 Armenian Tigran Barseghyan
3%
STUTTGART 1 German Yannik Keitel
3%
STURM GRAZ 1 Bosnian Arian Malić
2%
DINAMO ZAGREB 1 Croatian Dario Špikić
2%
SLOVAN BRATISLAVA 1 Togolese Idjessi Metsoko
2%
YOUNG BOYS 1 Swiss Kastriot Imeri
2%
STADE BRESTOIS 1 French Mathias Pereira Lage
2%
CRVENA ZVEZDA 1 Montenegrin Mirko Ivanić
2%
MONACO 1 French Soungoutou Magassa
2%
SALZBURG 1 Malian Daouda Guindo
1%
YOUNG BOYS 1 Congolese Silvère Ganvoula
1%
No matching quizzes found
Score Distribution
Percent of People with Each Score
Percentile by Number Answered
Your Score History
You have not taken this quiz since the last reset